000 00292nam a22001337a 4500
008 210301b ||||| |||| 00| 0 eng d
020 _a9780132576734
041 _aeng
080 _24th
_a316
100 _a50
101 _aSOC
245 _aWomen's Health
_cYoungkin ,Q.E
942 _2udc
_cBK
999 _c55326
_d55326